পেনশন বিধিমালা / (Record no. 47851)
[ view plain ]
| 000 -LEADER | |
|---|---|
| fixed length control field | 00931nam a2200253 a 4500 |
| 001 - CONTROL NUMBER | |
| control field | 47851 |
| 003 - CONTROL NUMBER IDENTIFIER | |
| rucl marc code | BD-RjUL |
| 005 - DATE AND TIME OF LATEST TRANSACTION | |
| control field | 20211209054415.0 |
| 008 - FIXED-LENGTH DATA ELEMENTS--GENERAL INFORMATION | |
| fixed length control field | 160810s2003 bg ||||| |||| 00| 0 ben d |
| 020 ## - INTERNATIONAL STANDARD BOOK NUMBER | |
| Terms of availability | : Tk.170.00 |
| 035 ## - SYSTEM CONTROL NUMBER | |
| System control number | (BD-RjUL)47970 |
| 040 ## - CATALOGING SOURCE | |
| Original cataloging agency | BD-RjUL |
| Language of cataloging | ben |
| Transcribing agency | BD-RjUL |
| Modifying agency | BD-RjUL |
| 041 ## - LANGUAGE CODE | |
| Language code of text/sound track or separate title | ben |
| 082 ## - DEWEY DECIMAL CLASSIFICATION NUMBER | |
| Edition number | 23 |
| Classification number | 331.252 |
| Author mark and year | MEP 2003 |
| 100 ## - MAIN ENTRY--PERSONAL NAME | |
| Personal name | মিয়া, ছিদ্দিকুর রহমান. |
| 9 (RLIN) | 143803 |
| 245 1# - TITLE STATEMENT | |
| Title | পেনশন বিধিমালা / |
| Statement of responsibility, etc. | ছিদ্দিকুর রহমান মিয়া, |
| 250 ## - EDITION STATEMENT | |
| Edition statement | ২য় সং. |
| 260 ## - PUBLICATION, DISTRIBUTION, ETC. (IMPRINT) | |
| Place of publication, distribution, etc. | ঢাকা : |
| Name of publisher, distributor, etc. | কামরুল বুক হাউস, |
| Date of publication, distribution, etc. | ২০০৩. |
| 300 ## - PHYSICAL DESCRIPTION | |
| Pagination | [৬], ২০৫ পৃ. : |
| Illustrations | চিত্র ; |
| Size | ২৪ সেমি. |
| 500 ## - GENERAL NOTE | |
| General note | সরকারী অনুমোদন প্রাপ্ত |
| 650 ## - SUBJECT ADDED ENTRY--TOPICAL TERM | |
| Topical term or geographic name as entry element | পেনশন |
| 9 (RLIN) | 119648 |
| Topical term or geographic name as entry element | Pension |
| 9 (RLIN) | 145260 |
| 942 ## - ADDED ENTRY ELEMENTS (KOHA) | |
| Source of classification or shelving scheme | Dewey Decimal Classification |
| Koha item type | Books |
| Lost status | Source of classification or shelving scheme | Damaged status | Not for loan | Collection code | Permanent Location | Current Location | Shelving location | Date acquired | Source of acquisition | Cost, normal purchase price | Total Checkouts | Full call number | Date last seen | Copy number | Koha item type |
|---|---|---|---|---|---|---|---|---|---|---|---|---|---|---|---|
| Dewey Decimal Classification | Non-fiction | Central Library, University of Rajshahi | Central Library, University of Rajshahi | 27/11/2004 | Kamrul book house.Dhaka. | 170.00 | B 331.252 MEP 2003 | 10/08/2016 | C-2 | Books | |||||
| Dewey Decimal Classification | Non-fiction | Central Library, University of Rajshahi | Central Library, University of Rajshahi | 27/11/2004 | Kamrul book house.Dhaka. | 170.00 | B 331.252 MEP 2003 | 10/08/2016 | C-3 | Books | |||||
| Dewey Decimal Classification | Not For Loan | Non-fiction | Central Library, University of Rajshahi | Central Library, University of Rajshahi | Reading Room | 07/11/2004 | Kamala book, kolikata | 170.00 | B 331.252 MEP 2003 | 24/12/2016 | C-1 | Books | |||
| Dewey Decimal Classification | Non-fiction | Central Library, University of Rajshahi | Central Library, University of Rajshahi | 27/11/2004 | kamrul book house, Dhaka | 170.00 | B 331.252 MEP 2003 | 09/02/2019 | C-4 | Books | |||||
| Dewey Decimal Classification | Non-fiction | Central Library, University of Rajshahi | Central Library, University of Rajshahi | General Stacks | 27/11/2004 | Kamrul book house.Dhaka | 170.00 | 331.252 MEP 2003 | 10/03/2024 | C-5 | Books |